000 00297nam a22001217a 4500
999 _c167958
_d167958
082 _a
_b
100 _aSarojini Jagannathan
245 _aImpact of sri ramanuja carya on temple worship/
_cby Sarojini Jagannathan.
260 _aDelhi:
_b Nag,
_c
300 _a311p.
650 _a
942 _cBK